Statistics for Tripoints of Countries with Same Number of Letters

Click here to take the quiz!

General Stats

  • This quiz has been taken 57 times
  • The average score is 14 of 18

Answer Stats

Country% Correct
China
95%
India
95%
Nepal
88%
Egypt
83%
Libya
83%
Sudan
83%
Moldova
74%
Romania
74%
Romania
74%
Hungary
71%
Kazakhstan
69%
Kyrgyzstan
69%
Kyrgyzstan
69%
Ukraine
69%
Ukraine
69%
Uzbekistan
64%
Uzbekistan
64%
Tajikistan
62%

Score Distribution

Percentile by Number Answered

Percent of People with Each Score

Your Score History

You have not taken this quiz